书目信息 |
| 题名: |
工程木结构设计标准
|
|
| 作者: | 王平山 起草 ;华东建筑设计研究院公司 , 同济大学 主编 | |
| 分册: | ||
| 出版信息: | 上海 同济大学出版社 2025.04 |
|
| 页数: | 131页 | |
| 开本: | 21cm | |
| 丛书名: | 上海市工程建设规范 | |
| 单 册: | ||
| 中图分类: | TU366.204-65 | |
| 科图分类: | ||
| 主题词: | 木结构--mu jie gou--结构设计--设计标准--中国 | |
| 电子资源: | ||
| ISBN: | 978-7-5765-1527-5 | |
| 000 | 01411nam 2200325 450 | |
| 001 | 94251 | |
| 005 | 20250820093315.13 | |
| 010 | @a978-7-5765-1527-5@dCNY50.00 | |
| 094 | @aCN@bDG/TJ 08-2192-2024 J 13336-2024 | |
| 100 | @a20250604d2025 em y0chiy50 ea | |
| 101 | 0 | @achi@eeng |
| 102 | @aCN@b310000 | |
| 105 | @aak z 000yy | |
| 106 | @ar | |
| 200 | 1 | @a工程木结构设计标准@Agong cheng mu jie gou she ji biao zhun@d= Design standard for engineered wood structure@f主编单位华东建筑设计研究院有限公司, 同济大学@zeng |
| 210 | @a上海@c同济大学出版社@d2025.04 | |
| 215 | @a131页@c图@d21cm | |
| 225 | 2 | @a上海市工程建设规范@Ashang hai shi gong cheng jian she gui fan |
| 300 | @a上海市住房和城乡建设管理委员会发布 2024-06-11发布 2024-12-01实施 | |
| 314 | @a起草人: 王平山 ... [等] | |
| 330 | @a为推进工程木结构建筑的发展, 在应用中贯彻执行国家的技术经济政策, 实现低碳环保和工业化建造, 做到安全适用、质量可靠、经济合理、技术先进, 制定本标准。 | |
| 410 | 0 | @12001 @a上海市工程建设规范 |
| 510 | 1 | @aDesign standard for engineered wood structure@zeng |
| 606 | 0 | @a木结构@Amu jie gou@x结构设计@x设计标准@y中国 |
| 690 | @aTU366.204-65@v5 | |
| 701 | 0 | @a王平山@Awang ping shan@4起草 |
| 712 | 02 | @a华东建筑设计研究院公司@Ahua dong jian zhu she ji yan jiu yuan gong si@4主编 |
| 712 | 02 | @a同济大学@Atong ji da xue@4主编 |
| 801 | 0 | @aCN@c20250909 |
| 905 | @a河南城建学院图书馆@dTU366.204-65@eW300@f1 | |
| 工程木结构设计标准= Design standard for engineered wood structure/主编单位华东建筑设计研究院有限公司, 同济大学.-上海:同济大学出版社,2025.04 |
| 131页:图;21cm.-(上海市工程建设规范) |
| 上海市住房和城乡建设管理委员会发布 2024-06-11发布 2024-12-01实施 |
| ISBN 978-7-5765-1527-5:CNY50.00 |
| 为推进工程木结构建筑的发展, 在应用中贯彻执行国家的技术经济政策, 实现低碳环保和工业化建造, 做到安全适用、质量可靠、经济合理、技术先进, 制定本标准。 |
| ● |
| 相关链接 |
|
|
|
正题名:工程木结构设计标准
索取号:TU366.204-65/W300
 
预约/预借
| 序号 | 登录号 | 条形码 | 馆藏地/架位号 | 状态 | 备注 |
| 1 | 1628177 | 216281770 | 建筑库101/101建筑库 84排3列5层/ [索取号:TU366.204-65/W300] | 在馆 |